Slovenské private equity a ich pôsobenie v strednej Európe v čase krízy - stratégie, riziká, príležitosti bakalárska práca

Guardado en:
Detalles Bibliográficos
Autor principal: Hedera, Michal
Autor Corporativo: Fakulta podnikového manažmentu EU. Katedra podnikovohospodárska
Otros Autores: Orfánus, Dominik
Formato: Libro
Lenguaje:eslovaco
Publicado: Bratislava 2011
Etiquetas: Agregar Etiqueta
Sin Etiquetas, Sea el primero en etiquetar este registro!

MARC

LEADER 00000nbm a2200000 4500
001 0131371
005 20161109111420.4
041 0 |a slo 
044 |a SK 
245 1 0 |a Slovenské private equity a ich pôsobenie v strednej Európe v čase krízy - stratégie, riziká, príležitosti  |b bakalárska práca  |c Michal Hedera ; školiteľ: Dominik Orfánus 
264 1 |a Bratislava  |c 2011 
300 |a 43 s. 
100 1 |a Hedera, Michal 
700 1 |a Orfánus, Dominik 
710 2 |a Fakulta podnikového manažmentu EU. Katedra podnikovohospodárska